000
00189 a2200097 4500
020
_a
9780452286108
041
_a
eng
100
_a
Naylor, Clare
245
_a
The second assistant
942
_c
BK
999
_c
8426
_d
8426